000 00926nam a22002417a 4500
999 _c1559
_d1559
003 AR-CdUCM
008 190227b ||||| |||| 00| 0 spa d
040 _aMUNICIPALIDAD PROVINCIAL DEL CUSCO
_cBIBLIOTECA MUNICIPAL DEL CUSCO
082 _22da
_a869.009 /
_bAN59
100 _aAnderson Imbert, Enrique
_9603
245 _aHistoria de la Literatura Hispanoamericana /
260 _aMéxico :
_bFondo de Cultura Económica ;
_c1957.
300 _a509 páginas
_c17cm
440 _aBreviarios, Lengua y Estudios Literarios
_n89
_95855
505 _aEl primer Renacimiento -- Segundo Renacimiento y Contrarreforma -- Del Renacimiento al Barroco -- Del Barroco al Rococó -- La Ilustración y el Neoclasicismo
650 _aRenacimiento
_95856
650 _aRomanticismo
_9518
650 _aRealismo
_9520
650 _aNaturalismo
_9522
650 _aModernismo
_9519
942 _2ddc
_cLIBROS
945 _anom
_d2019-02-27